| 000 | 01000cam a22002772 4500 | ||
|---|---|---|---|
| 001 | 22732 | ||
| 003 | BD-RjUL | ||
| 005 | 20211209000838.0 | ||
| 008 | 140309r19521924enk 000 1 eng d | ||
| 035 |
_aOCLC ocm13231277 from D961030M _a(BD-RjUL)22797 |
||
| 040 |
_aMNU _cMNU _dDLC _dOCL _dEQO _dBD-RjUL _beng |
||
| 041 | 1 |
_aeng _hrus |
|
| 082 | 0 | 4 |
_a891.733 _bSHO 1952 |
| 090 |
_aPG3276 _b.T6 |
||
| 245 | 0 | 0 |
_aShort stories by russian authors / _c[translated by R. S. Townsend]. |
| 260 |
_aLondon : _bJ.M. Dent ; _aNew York : _bE.P. Dutton, _c1924 [Reprinted 1952]. |
||
| 300 |
_axi, 280 p. ; _c18 cm. |
||
| 490 | 1 |
_aEveryman's library. Fiction. ; _v[no. 758] |
|
| 650 | 0 |
_aShort stories, Russian _xTranslations into English. _970121 |
|
| 650 | 0 |
_aShort stories, English _xTranslations from Russian. _970122 |
|
| 650 | 0 |
_aRussian fiction _xTranslations into English. _970123 |
|
| 830 | 0 |
_v[no. 758] _970130 |
|
| 700 | 1 |
_aTownsend, R. S. _970125 |
|
| 830 | 0 |
_aEveryman's library. _970131 |
|
| 942 |
_2ddc _cBK |
||
| 999 |
_c22732 _d22732 |
||